Sports Quiz

Random Sports or NFL Quiz
Score 0/30 Timer 08:00
1 Play Today
% Correct
Michael Jordan
99.5%
Kobe Bryant
93.3%
Shaquille O'Neal
90.3%
Scottie Pippen
88.2%
Dennis Rodman
84.2%
Charles Barkley
82.4%
Patrick Ewing
82.3%
Karl Malone
78.2%
Babe Ruth
77.2%
Michael Jordan (again)
74.8%
LaDainian Tomlinson
72%
David Ortiz
70.2%
Yogi Berra
69.5%
Randy Johnson
69.4%
Roger Clemens
65.7%
% Correct
Bo Jackson
63%
Ivan Rodriguez
61.5%
Clyde Drexler
60.4%
Hakeem Olajuwon
60%
Dominique Wilkins
57.8%
Deion Sanders
56.3%
Randall Cunningham
47.1%
Ted Williams
46.2%
Joe DiMaggio
44.7%
Franco Harris
40.6%
Eric Lindros
32.3%
Dominik Hasek
31%
Steve Garvey
22%
Dwight Evans
15.7%
Teemu Selanne
15.7%
Remove Ads.
Support Sporcle.
Get the best of Sporcle when you Go Orange. This ad-free experience offers more features, more stats, and more fun while also helping to support Sporcle. Thank you for becoming a member.

You're not logged in!

Compare scores with friends on all Sporcle quizzes.
OR
Log In

Show Comments

Extras

Top Quizzes Today


Score Distribution

Your Account Isn't Verified!

In order to create a playlist on Sporcle, you need to verify the email address you used during registration. Go to your Sporcle Settings to finish the process.

Report this User

Report this user for behavior that violates our Community Guidelines.

Details: